LEADER 00946nam a2200217 i 4500 001 000000069947 003 CaOOAMICUS 005 20141118000000.0 008 141118s1898 xx u000 u fre u 013 $a41119 040 $aSeMil$bita 100 1 $aDebidour, Antonin,$d<1847-1917>.$0(OLS)http://semarc/name/9721 245 10$aHistoire des rapports de l'Église et de l'État en France de 1789 a 1870 /$cpar A. Debidour. 260 $aParis :$bFélix Alcan,$c1898. 300 $aII, 740 p. ;$c23 cm. 650 4$aChiesa e Stato - Francia - Sec. 17.-19.$0(OLS)http://semarc/subject/13138 850 $aSeMil 852 $aSeMil$W1$xVenegono$y1$m3C II 55 FA$j36100$B36100$CSeMilBibl$Z2$F36103 $8I 961 $aRecupero: Giobbi Adolfo, prof. 996 $6245$aHistoire des rapports de l'Église et de l'État en France de 1789 a 1870$9(OLS)http://semarc/title/112168 996 $6260$aParis :$bFélix Alcan$9(OLS)http://semarc/publisher/31890 LEADER 01008nam a2200265 i 4500 001 000000114924 003 CaOOAMICUS 005 20030507000000.0 008 030507s2001 it u000 u ita u 013 $a87612 020 $a88-8247-66-0 040 $aSeMil$bita 100 1 $aGiachery, Emerico,$d<1929- >.$0(OLS)http://semarc/name/48020 245 13$aLa parola trascesa e altri scritti /$cEmerico Giachery. 260 $aManziana (Roma) :$bVecchiarelli,$ccopyr. 2001. 300 $a121 p. ;$c21 cm. 500 $aFondo Card. C.M. Martini. 650 4$aPoesia.$0(OLS)http://semarc/subject/5458 850 $aSeMil 852 $aSeMil$W1$xVenegono$y1$m1B V 10$j70465$B70465$CSeMilBibl$Z2$F88081 $81 941 1 $a4 961 $aOmaggio: Martini Card. Carlo Maria 996 $6020$a88-8247-66-0$9(OLS)http://semarc/number/98457 996 $6245$aLa parola trascesa e altri scritti$9(OLS)http://semarc/title/168142 996 $6260$aManziana (Roma) :$bVecchiarelli$9(OLS)http://semarc/publisher/45408